| 000 | 01200nam#a22004215a#4500 | ||
|---|---|---|---|
| 001 | 801 | ||
| 008 | 081209s2007####ag#a###d#f####001#0#spa#d | ||
| 245 | 1 | 0 |
_aGeografía : _bDinámica ambiental. La organización de los espacios urbanos u rurales / _cMaría Julia Echeverría, Silvia María Capuz. |
| 250 | _a1ª ed. | ||
| 260 |
_aBuenos Aires : _bA-Z, _c2007. |
||
| 300 |
_a271 p. : _bil. ; _c27 cm. |
||
| 100 | 1 | _aEcheverría, María Julia. | |
| 700 | 1 | _aCapuz, Silvia María. | |
| 080 | _a911.2 | ||
| 084 | _aE 19 | ||
| 653 | _aLitosfera | ||
| 653 | _aHidrósfera | ||
| 653 | _aAtmósfera | ||
| 653 | _aTipos de clima | ||
| 653 | _aPresión atmosférica | ||
| 653 | _aAguas marinas | ||
| 653 | _aVientos | ||
| 653 | _aTemperatura | ||
| 653 | _aBiosfera | ||
| 653 | _aDistribución geográfica | ||
| 653 | _aPlacas terrestres | ||
| 653 | _aDivisión política Argentina | ||
| 653 | _aTundra | ||
| 653 | _aProceso productivo del café | ||
| 653 | _aBiotecnología | ||
| 653 | _aProceso productivo de lana | ||
| 653 | _aProcesos producctivos de leche | ||
| 653 | _aSistemas agropecuarios | ||
| 035 | _aGer | ||
| 005 | 20241107184648.0 | ||
| 003 | AR-ClEAG | ||
| 942 | _cBK | ||
| 999 |
_c801 _d801 |
||
| 980 |
_62 _aEvangelina Gallicchio _82 _gEvangelina Gallicchio |
||